[Event "Titled Tuesday intern op 16th Aug Early"]
[Site "Chess.com INT"]
[Date "2022.08.16"]
[Round "8"]
[White "Fernandez Hernandez, Gerardo"]
[Black "Tapia Ostolaza, Alexei"]
[Result "1-0"]
[WhiteElo "2169"]
[BlackElo "2201"]
[PlyCount "75"]
[EventDate "2022.08.16"]
[EventType "swiss (blitz)"]
[EventRounds "11"]
[EventCountry "USA"]
[SourceTitle "EXT 2023"]
[Source "ChessBase"]
[SourceDate "2022.10.05"]
[SourceVersion "1"]
[SourceVersionDate "2022.10.05"]
[SourceQuality "1"]

1. e4 c5 2. d3 Nc6 3. g3 g6 4. Bg2 Bg7 5. f4 e6 6. Nf3 Nge7 7. 0-0 d5 8. c3 d4 9. c4 e5 10. f5 f6 11. fxg6 hxg6 12. Nh4 Be6 13. Na3 a6 14. Nc2 Qd7 15. a3 a5 16. Bd2 a4 17. Rb1 g5 18. Nf3 Bh3 19. b4 Bxg2 20. Kxg2 Qh3+ 21. Kg1 Ng6 22. Qe2 cxb4 23. Nxb4 0-0 24. Nd5 Rf7 25. Rfc1 Nf8 26. Bxg5 fxg5 27. Nxg5 Qd7 28. Nxf7 Qxf7 29. Rf1 Qd7 30. Nb6 Qd8 31. Qg4 Ra6 32. Nd5 Na5 33. Rb5 Nb3 34. Rxb7 Rg6 35. Rxf8+ Qxf8 36. Qxg6 Nc1 37. Ne7+ Kh8 38. Qh5+ 1-0

[Event "Olympiad-44"]
[Site "Chennai"]
[Date "2022.08.06"]
[Round "8.2"]
[White "Tapia Ostolaza, Alexei"]
[Black "Diaz Hollemaert, Nahuel Carlos"]
[Result "0-1"]
[WhiteElo "2201"]
[BlackElo "2425"]
[PlyCount "60"]
[EventDate "2022.07.29"]
[EventType "team-swiss"]
[EventRounds "11"]
[EventCountry "IND"]
[SourceTitle "CBM 210"]
[Source "ChessBase"]
[SourceDate "2022.10.31"]
[SourceVersion "1"]
[SourceVersionDate "2022.10.31"]
[SourceQuality "1"]
[WhiteTeam "Panama"]
[BlackTeam "Uruguay"]
[WhiteTeamCountry "PAN"]
[BlackTeamCountry "URU"]

1. Nf3 c5 2. g3 g6 3. Bg2 Bg7 4. 0-0 Nc6 5. e4 d6 6. h3 e5 7. d3 Nge7 8. Be3 h6 9. c3 0-0 10. Qd2 Kh7 11. d4 exd4 12. cxd4 d5 13. dxc5 dxe4 14. Nh2 Qxd2 15. Nxd2 f5 16. Nc4 Be6 17. Rfc1 Nb4 18. Bf1 Ned5 19. a3 Nd3 20. Bxd3 exd3 21. Bd2 Rac8 22. Re1 Bg8 23. Ne5 Nf6 24. Nhf3 Ne4 25. Be3 Rfd8 26. Rad1 Bxe5 27. Nxe5 d2 28. Re2 Bb3 29. Rdxd2 Nxd2 30. Bxd2 Bd1 0-1

[Event "Olympiad-44"]
[Site "Chennai"]
[Date "2022.08.03"]
[Round "6.2"]
[White "Tapia Ostolaza, Alexei"]
[Black "Sklyarov, Dmitry V"]
[Result "0-1"]
[WhiteElo "2201"]
[BlackElo "2474"]
[PlyCount "104"]
[EventDate "2022.07.29"]
[EventType "team-swiss"]
[EventRounds "11"]
[EventCountry "IND"]
[SourceTitle "CBM 210"]
[Source "ChessBase"]
[SourceDate "2022.10.31"]
[SourceVersion "1"]
[SourceVersionDate "2022.10.31"]
[SourceQuality "1"]
[WhiteTeam "Panama"]
[BlackTeam "Finland"]
[WhiteTeamCountry "PAN"]
[BlackTeamCountry "FIN"]

1. Nf3 g6 2. g3 Bg7 3. d4 c5 4. d5 d6 5. Bg2 Nf6 6. Nc3 b5 7. a3 Bb7 8. Nh4 b4 9. Nb1 Nbd7 10. 0-0 0-0 11. e4 Qc7 12. Nd2 a5 13. Re1 Nb6 14. Nhf3 Nfd7 15. Rb1 bxa3 16. c4 axb2 17. Bxb2 Rfb8 18. Bxg7 Kxg7 19. Qb3 Bc8 20. Qc3+ f6 21. Ra1 Nf8 22. h4 Nbd7 23. Nh2 a4 24. f4 Qa5 25. Qe3 a3 26. e5 fxe5 27. Ndf3 a2 28. fxe5 Nxe5 29. Nxe5 Bf5 30. Nc6 Qxe1+ 31. Rxe1 Rb1 32. Qxe7+ Kg8 33. Rxb1 axb1Q+ 34. Nf1 Qb2 35. Ne3 Bd7 36. Qg5 Re8 37. Ng4 Bxg4 38. Qxg4 Qc1+ 39. Kh2 h5 40. Qf3 Qxc4 41. Qf6 Qe2 42. Qxd6 Qb2 43. Qxc5 Re2 44. Qg1 Nd7 45. Kh3 Nf6 46. Qa7 Qb1 47. Ne7+ Kf8 48. d6 Re1 49. Qf2 Kg7 50. Nd5 Rh1+ 51. Bxh1 Qxh1+ 52. Qh2 Qxd5 0-1

[Event "Olympiad-44"]
[Site "Chennai"]
[Date "2022.08.02"]
[Round "5.2"]
[White "Tapia Ostolaza, Alexei"]
[Black "Etienne, Angelo"]
[Result "1/2-1/2"]
[WhiteElo "2201"]
[BlackElo "2036"]
[PlyCount "174"]
[EventDate "2022.07.29"]
[EventType "team-swiss"]
[EventRounds "11"]
[EventCountry "IND"]
[SourceTitle "CBM 210"]
[Source "ChessBase"]
[SourceDate "2022.10.31"]
[SourceVersion "1"]
[SourceVersionDate "2022.10.31"]
[SourceQuality "1"]
[WhiteTeam "Panama"]
[BlackTeam "Haiti"]
[WhiteTeamCountry "PAN"]
[BlackTeamCountry "HAI"]

1. Nf3 Nf6 2. g3 g6 3. b3 Bg7 4. Bb2 0-0 5. Bg2 c6 6. 0-0 d5 7. c4 a5 8. d3 Re8 9. Qc2 Na6 10. Rd1 Bg4 11. Ne5 Nb4 12. Qd2 Be6 13. a3 Na6 14. Nf3 Bg4 15. Qc2 Bxf3 16. exf3 Qb6 17. f4 Rad8 18. Nd2 Ng4 19. Rf1 Bxb2 20. Qxb2 Nh6 21. Rad1 Nf5 22. Nf3 Nc5 23. cxd5 Rxd5 24. Ne5 Rdd8 25. b4 axb4 26. Qxb4 Qa7 27. Qc4 Nd6 28. Qa2 Ne6 29. Nxf7 Nxf7 30. Qxe6 Qxa3 31. Rb1 Qd6 32. Qc4 Qxd3 33. Qxd3 Rxd3 34. Rxb7 Rc3 35. Rc7 e5 36. Re1 Kf8 37. Bxc6 Re7 38. Rxe7 Kxe7 39. Bd5 Nh6 40. fxe5 Rc5 41. Bg2 Nf7 42. f4 g5 43. e6 Nd8 44. Bh3 h5 45. f5 Nc6 46. Bg2 Ne5 47. h3 g4 48. hxg4 Nxg4 49. Be4 Re5 50. Kg2 Nh6 51. Rh1 Nxf5 52. Bxf5 Rxf5 53. Re1 Ra5 54. Kh3 Rb5 55. Kh4 Ra5 56. Re4 Rb5 57. Rf4 Kxe6 58. Rf8 Ra5 59. Rh8 Kf6 60. Rxh5 Ra4+ 61. Kh3 Rb4 62. Rh4 Rb5 63. Rc4 Rh5+ 64. Kg4 Rg5+ 65. Kh4 Ra5 66. Rc6+ Kg7 67. g4 Rd5 68. Re6 Rb5 69. Kg3 Rb3+ 70. Kf4 Rb4+ 71. Kg5 Rb5+ 72. Kh4 Ra5 73. Re7+ Kg6 74. Re8 Rb5 75. Rg8+ Kh6 76. g5+ Kh7 77. Rc8 Kg7 78. Kh5 Rb7 79. Rc6 Ra7 80. Rg6+ Kh7 81. Re6 Kg7 82. Kg4 Ra4+ 83. Kf5 Ra5+ 84. Re5 Ra7 85. Re6 Ra5+ 86. Re5 Ra7 87. Re6 Ra5+ 1/2-1/2

[Event "Olympiad-44"]
[Site "Chennai"]
[Date "2022.08.01"]
[Round "4.1"]
[White "Tapia Ostolaza, Alexei"]
[Black "Attalib, Osama A"]
[Result "1-0"]
[WhiteElo "2201"]
[BlackElo "2033"]
[PlyCount "111"]
[EventDate "2022.07.29"]
[EventType "team-swiss"]
[EventRounds "11"]
[EventCountry "IND"]
[SourceTitle "CBM 210"]
[Source "ChessBase"]
[SourceDate "2022.10.31"]
[SourceVersion "1"]
[SourceVersionDate "2022.10.31"]
[SourceQuality "1"]
[WhiteTeam "Panama"]
[BlackTeam "Libya"]
[WhiteTeamCountry "PAN"]
[BlackTeamCountry "LBY"]

1. Nf3 Nf6 2. g3 d6 3. d4 c6 4. Bg2 Nbd7 5. 0-0 e5 6. dxe5 dxe5 7. Bg5 Qc7 8. c3 Be7 9. Nbd2 0-0 10. Qc2 Re8 11. Rfd1 h6 12. Bxf6 Nxf6 13. Nh4 Bf8 14. Ne4 Nxe4 15. Bxe4 Be6 16. Rd2 Rad8 17. Bh7+ Kh8 18. Bd3 Rd7 19. Rad1 Red8 20. Nf3 b5 21. a4 b4 22. c4 Bc5 23. Bf5 Rxd2 24. Rxd2 Rxd2 25. Nxd2 Qb6 26. Bxe6 Bxf2+ 27. Kg2 fxe6 28. Ne4 b3 29. Qd2 Be3 30. a5 Qd4 31. Qxd4 Bxd4 32. Nd2 Bxb2 33. Nxb3 Kg8 34. Kf3 a6 35. Nc5 Bc3 36. Nxe6 Bxa5 37. Nc5 Kf7 38. Ke4 Kf6 39. Nxa6 Ke6 40. Nc5+ Kf6 41. Nd7+ Ke6 42. Nxe5 c5 43. Nd3 Bb6 44. Nf4+ Kd6 45. Kf5 Bd8 46. Nh5 g6+ 47. Kxg6 Ke5 48. Ng7 Bg5 49. Nf5 Bc1 50. g4 Bd2 51. h4 Kf4 52. Nxh6 Ke3 53. Nf5+ Kxe2 54. h5 Kd3 55. g5 Kxc4 56. h6 1-0

[Event "Olympiad-44"]
[Site "Chennai"]
[Date "2022.07.29"]
[Round "1.1"]
[White "Tapia Ostolaza, Alexei"]
[Black "Enemchukwu, Chinedu Benjamin"]
[Result "1-0"]
[WhiteElo "2201"]
[BlackElo "1889"]
[PlyCount "103"]
[EventDate "2022.07.29"]
[EventType "team-swiss"]
[EventRounds "11"]
[EventCountry "IND"]
[SourceTitle "CBM 210"]
[Source "ChessBase"]
[SourceDate "2022.10.31"]
[SourceVersion "1"]
[SourceVersionDate "2022.10.31"]
[SourceQuality "1"]
[WhiteTeam "Panama"]
[BlackTeam "Saint Vincent and the Grenadines"]
[WhiteTeamCountry "PAN"]
[BlackTeamCountry "SVI"]

1. Nf3 d5 2. g3 c5 3. Bg2 Nc6 4. d4 Nf6 5. 0-0 cxd4 6. Nxd4 e6 7. c4 Be7 8. Nc3 0-0 9. cxd5 exd5 10. Bf4 a6 11. Rc1 Be6 12. Nxc6 bxc6 13. Na4 Rc8 14. Nc5 Bxc5 15. Rxc5 Qb6 16. Qc1 Nd7 17. Rc2 c5 18. Rd1 d4 19. Rxd4 cxd4 20. Rxc8 Rxc8 21. Qxc8+ Nf8 22. Qa8 Bxa2 23. Bc6 Qc5 24. Qxa6 Bc4 25. Bd6 Bxa6 26. Bxc5 Ne6 27. Bb6 Bxe2 28. f4 g6 29. Bd5 d3 30. Kf2 Kf8 31. Ke3 Ke7 32. Be4 Kd6 33. b4 f5 34. Bb7 Bf1 35. Bc8 Kd5 36. Kd2 Kd6 37. Ba6 Kd5 38. Bxd3 Bxd3 39. Kxd3 Kc6 40. Be3 Kb5 41. Bd2 Kc6 42. Kc4 Nc7 43. Be3 Ne6 44. b5+ Kd6 45. Bd2 Nd8 46. Bb4+ Ke6 47. Kc5 Kd7 48. Kd5 Nf7 49. b6 h6 50. b7 Kc7 51. Ke6 Nd8+ 52. Kf6 1-0

[Event "Online Olym Div3 E"]
[Site "Chess.com INT"]
[Date "2021.08.27"]
[Round "2.3"]
[White "Alfaro Caracas, William"]
[Black "Tapia Ostolaza, Alexei"]
[Result "1/2-1/2"]
[WhiteElo "2171"]
[BlackElo "2243"]
[PlyCount "25"]
[EventDate "2021.08.27"]
[EventType "team-tourn (rapid)"]
[EventRounds "9"]
[EventCountry "USA"]
[SourceTitle "CBM 204 Extra"]
[Source "ChessBase"]
[SourceDate "2021.11.30"]
[SourceVersion "1"]
[SourceVersionDate "2021.11.30"]
[SourceQuality "1"]
[WhiteTeam "Nicaragua"]
[BlackTeam "Panama"]
[WhiteTeamCountry "NCA"]
[BlackTeamCountry "PAN"]

1. d4 Nf6 2. Bf4 e6 3. e3 c5 4. Nf3 Nc6 5. c3 d5 6. Bd3 Bd6 7. Bg3 0-0 8. Nbd2 b6 9. e4 dxe4 10. Nxe4 Be7 11. dxc5 bxc5 12. Qe2 Bb7 13. h4 1/2-1/2

[Event "Online Olym Div3 E"]
[Site "Chess.com INT"]
[Date "2020.08.08"]
[Round "5.4"]
[White "Hernandez, Mauricio Daniel"]
[Black "Tapia Ostolaza, Alexei"]
[Result "0-1"]
[WhiteElo "2066"]
[BlackElo "2243"]
[PlyCount "114"]
[EventDate "2020.08.07"]
[EventType "team-tourn (rapid)"]
[EventRounds "9"]
[EventCountry "USA"]
[SourceTitle "CBM 198"]
[Source "ChessBase"]
[SourceDate "2020.10.31"]
[SourceVersion "1"]
[SourceVersionDate "2020.10.31"]
[SourceQuality "1"]
[WhiteTeam "El Salvador"]
[BlackTeam "Panama"]
[WhiteTeamCountry "ESA"]
[BlackTeamCountry "PAN"]

1. e4 c5 2. Nf3 e6 3. d4 cxd4 4. Nxd4 Nc6 5. Nc3 a6 6. Be3 Nf6 7. Be2 Qc7 8. 0-0 Be7 9. f4 d6 10. f5 0-0 11. g4 h6 12. Qd2 Nh7 13. Rf2 Ne5 14. Raf1 Bh4 15. Rg2 Bd7 16. Nf3 Nxf3+ 17. Rxf3 Ng5 18. Rf1 Bc6 19. Bf3 Rad8 20. Kh1 b5 21. Bxg5 Bxg5 22. Qf2 b4 23. Ne2 exf5 24. gxf5 Bb5 25. Qd4 Qc5 26. Rd1 Rfe8 27. h4 Bxe2 28. Bxe2 Qxd4 29. Rxd4 Bxh4 30. Bxa6 Bf6 31. Rxb4 d5 32. Bd3 dxe4 33. Bxe4 Bxb2 34. Rxb2 Rxe4 35. Rb6 Ra8 36. Rxh6 Re1+ 37. Kh2 Rxa2 38. f6 Rxc2 39. Rxc2 gxh6 40. Rg2+ Kf8 41. Rf2 Re6 42. Kg3 Kg8 43. Kf4 Rxf6+ 44. Kg3 Rxf2 45. Kxf2 Kg7 46. Kg3 Kg6 47. Kh4 Kf5 48. Kh5 Ke4 49. Kxh6 f5 50. Kh5 f4 51. Kh4 Ke3 52. Kh3 Ke2 53. Kg2 f3+ 54. Kg3 f2 55. Kh2 f1Q 56. Kg3 Qf3+ 57. Kh2 Qg4 0-1

[Event "Titled Tuesday intern op 4th Febr"]
[Site "Chess.com INT"]
[Date "2020.02.04"]
[Round "4"]
[White "Tapia Ostolaza, Alexei"]
[Black "Vlassov, Nikolai"]
[Result "1-0"]
[WhiteElo "2226"]
[BlackElo "2354"]
[PlyCount "69"]
[EventDate "2020.02.04"]
[EventType "swiss (blitz)"]
[EventRounds "10"]
[EventCountry "USA"]
[SourceTitle "EXT 2021"]
[Source "ChessBase"]
[SourceDate "2020.10.23"]
[SourceVersion "1"]
[SourceVersionDate "2020.10.23"]
[SourceQuality "1"]

1. Nf3 c5 2. g3 Nc6 3. Bg2 e5 4. 0-0 g5 5. e4 g4 6. Nh4 d6 7. Nc3 h5 8. Nd5 Nce7 9. Ne3 Bh6 10. c3 Bg5 11. Nhf5 Nxf5 12. exf5 Nf6 13. d4 cxd4 14. cxd4 exd4 15. Qxd4 Qb6 16. Qc3 Qc5 17. Nc4 Bxc1 18. Raxc1 Rh6 19. Rfe1+ Kf8 20. b4 Qxf5 21. Nxd6 Qd7 22. Nxc8 h4 23. Qc5+ Kg7 24. Nd6 Rh5 25. Qc7 Rd8 26. Qxd7 Rxd7 27. Nxb7 hxg3 28. hxg3 Rd2 29. a4 Rf5 30. Rf1 Rb2 31. b5 Nd7 32. Nd6 Rf6 33. Ne8+ Kg6 34. Nxf6 Nxf6 35. Rc6 1-0

[Event "San Jose Metropolitano op"]
[Site "San Jose"]
[Date "2019.12.29"]
[Round "8"]
[White "Murillo Tsijli, Alexis"]
[Black "Tapia Ostolaza, Alexei"]
[Result "1-0"]
[WhiteElo "2290"]
[BlackElo "2234"]
[PlyCount "129"]
[EventDate "2019.12.26"]
[EventType "swiss"]
[EventRounds "9"]
[EventCountry "CRI"]
[SourceTitle "EXT 2021"]
[Source "ChessBase"]
[SourceDate "2020.10.23"]
[SourceVersion "1"]
[SourceVersionDate "2020.10.23"]
[SourceQuality "1"]

1. e4 c5 2. Nf3 e6 3. d4 cxd4 4. Nxd4 Nc6 5. Nc3 a6 6. Be2 Qc7 7. Be3 b5 8. 0-0 Nf6 9. Nxc6 dxc6 10. f4 Bb7 11. e5 Nd5 12. Nxd5 cxd5 13. f5 exf5 14. Bd4 Bc5 15. Rxf5 0-0 16. c3 Rae8 17. Qd2 Bc8 18. Rg5 Re6 19. Bd3 Qb6 20. Qf2 Bxd4 21. cxd4 f6 22. Rf1 Rf7 23. Rf5 Qc7 24. Qh4 Rc6 25. R5f2 f5 26. Qf4 Be6 27. h4 Qc8 28. Re1 Qc7 29. Rff1 g6 30. Rc1 Kg7 31. Rxc6 Qxc6 32. Rc1 Qb6 33. h5 Rc7 34. Rxc7+ Qxc7 35. Qg5 Qb6 36. Kh1 Qc6 37. Kh2 Qd7 38. g4 Qf7 39. hxg6 Qxg6 40. Qxg6+ hxg6 41. gxf5 gxf5 42. Kg3 Kg6 43. Kf4 Bd7 44. b4 Bc8 45. a3 Be6 46. Bb1 Bc8 47. Ba2 Bb7 48. e6 Kf6 49. e7 Kxe7 50. Kxf5 Kd6 51. Kf6 Bc8 52. Bb1 Bb7 53. Bf5 Bc6 54. Kf7 Ba8 55. Ke8 Bb7 56. Kd8 Ba8 57. Bc8 Bc6 58. Bxa6 Bd7 59. Bb7 Bf5 60. Ke8 Be6 61. Ba8 Bg8 62. Bb7 Be6 63. Ba6 Bd7+ 64. Kd8 Bc6 65. Kc8 1-0

[Event "Titled Tuesday intern op 3rd Jan"]
[Site "Chess.com INT"]
[Date "2019.12.03"]
[Round "6"]
[White "Fajdetic, Hrvoje"]
[Black "Tapia Ostolaza, Alexei"]
[Result "1-0"]
[WhiteElo "2160"]
[BlackElo "2234"]
[PlyCount "71"]
[EventDate "2019.12.03"]
[EventType "swiss (blitz)"]
[EventRounds "10"]
[EventCountry "USA"]
[SourceTitle "EXT 2021"]
[Source "ChessBase"]
[SourceDate "2020.10.23"]
[SourceVersion "1"]
[SourceVersionDate "2020.10.23"]
[SourceQuality "1"]

1. d4 Nf6 2. Bf4 e6 3. e3 c5 4. c3 Nc6 5. Nd2 d5 6. Ngf3 Bd6 7. Bg3 0-0 8. Ne5 Qc7 9. f4 Ne7 10. Bd3 Nf5 11. Bxf5 exf5 12. Bh4 Ne4 13. Nxe4 dxe4 14. Nc4 cxd4 15. Nxd6 Qxd6 16. Qxd4 Qa6 17. c4 Be6 18. b3 Qa5+ 19. Ke2 f6 20. Rhd1 Rfd8 21. Qb2 Qb6 22. Rd4 Kf7 23. Rad1 Ke7 24. Be1 Bf7 25. Qa3+ Ke8 26. Ba5 Bh5+ 27. Kf2 Rxd4 28. Rxd4 Qe6 29. Qa4+ Kf7 30. Qd7+ Qe7 31. Bb4 Qxd7 32. Rxd7+ Ke6 33. Rxg7 Rd8 34. Rxh7 Bd1 35. Rxb7 Bc2 36. Re7# 1-0

[Event "Titled Tuesday intern op 3rd Jan"]
[Site "Chess.com INT"]
[Date "2019.12.03"]
[Round "3"]
[White "Nilsen, Tobias Lang"]
[Black "Tapia Ostolaza, Alexei"]
[Result "0-1"]
[WhiteElo "1978"]
[BlackElo "2234"]
[PlyCount "112"]
[EventDate "2019.12.03"]
[EventType "swiss (blitz)"]
[EventRounds "10"]
[EventCountry "USA"]
[SourceTitle "EXT 2021"]
[Source "ChessBase"]
[SourceDate "2020.10.23"]
[SourceVersion "1"]
[SourceVersionDate "2020.10.23"]
[SourceQuality "1"]

1. e4 c5 2. Nf3 e6 3. d4 cxd4 4. Nxd4 Nc6 5. Nc3 a6 6. Be2 Qc7 7. 0-0 Nf6 8. Be3 Be7 9. f4 d6 10. f5 e5 11. Nb3 h6 12. Qe1 b5 13. a3 Bb7 14. Rd1 Rc8 15. Qg3 Rg8 16. Nd5 Nxd5 17. exd5 Na5 18. Bxh6 Nxb3 19. cxb3 Qc2 20. Rd2 Qc5+ 21. Be3 Qc7 22. Kh1 Bf6 23. a4 b4 24. Bd3 Ke7 25. Rc2 Qd7 26. Rxc8 Rxc8 27. Bc4 Rh8 28. Bg5 Bc8 29. Bxf6+ gxf6 30. Qg7 Qd8 31. h3 Rg8 32. Qh6 Rg5 33. Qh7 a5 34. h4 Rg4 35. Qh5 Qg8 36. Rf2 Rd4 37. Kh2 Qg7 38. Rf3 Rg4 39. Rf2 Bd7 40. Be2 Rd4 41. Bc4 Bxa4 42. bxa4 Rxc4 43. b3 Rc3 44. Rf3 Rxf3 45. Qxf3 Qh6 46. Qd3 Qxh4+ 47. Kg1 Qe1+ 48. Kh2 Qh4+ 49. Kg1 Qf4 50. g3 Qc1+ 51. Kf2 Qb2+ 52. Kf3 Kf8 53. Kg4 Kg7 54. Kh5 Qc3 55. Qe4 Qxg3 56. Qh1 Qg5# 0-1

[Event "Titled Tuesday intern op 3rd Sept"]
[Site "Chess.com INT"]
[Date "2019.09.03"]
[Round "3"]
[White "Tapia Ostolaza, Alexei"]
[Black "Ginzburg, Yakov"]
[Result "0-1"]
[WhiteElo "2249"]
[BlackElo "2405"]
[PlyCount "74"]
[EventDate "2019.09.03"]
[EventType "swiss (blitz)"]
[EventRounds "10"]
[EventCountry "USA"]
[SourceTitle "EXT 2021"]
[Source "ChessBase"]
[SourceDate "2020.10.23"]
[SourceVersion "1"]
[SourceVersionDate "2020.10.23"]
[SourceQuality "1"]

1. Nf3 Nf6 2. g3 g6 3. b3 Bg7 4. Bb2 0-0 5. Bg2 d6 6. d4 c6 7. 0-0 Nbd7 8. c4 Qc7 9. Nc3 e5 10. e3 Re8 11. Rc1 a6 12. Re1 Nf8 13. c5 exd4 14. cxd6 Qxd6 15. Nxd4 Bg4 16. Qc2 Rad8 17. Na4 Qc7 18. Ba3 Nd5 19. Ne2 h5 20. e4 Nb6 21. Nc5 Nbd7 22. Nf4 Bd4 23. b4 Ne5 24. h3 Bf3 25. Bb2 g5 26. Bxd4 Rxd4 27. Qc3 Red8 28. Bxf3 gxf4 29. Bxh5 Nd3 30. Nxd3 Rxd3 31. Qf6 fxg3 32. f3 Nh7 33. Qf5 Rd2 34. Rc5 Qd6 35. Qg4+ Kh8 36. Bxf7 Qd4+ 37. Kh1 Rh2# 0-1

[Event "Titled Tuesday intern op 2nd July"]
[Site "Chess.com INT"]
[Date "2019.07.02"]
[Round "4"]
[White "Kholin, Aleksandr1111"]
[Black "Tapia Ostolaza, Alexei"]
[Result "1-0"]
[WhiteElo "2405"]
[BlackElo "2259"]
[PlyCount "85"]
[EventDate "2019.07.02"]
[EventType "swiss (blitz)"]
[EventRounds "10"]
[EventCountry "USA"]
[SourceTitle "EXT 2021"]
[Source "ChessBase"]
[SourceDate "2020.10.23"]
[SourceVersion "1"]
[SourceVersionDate "2020.10.23"]
[SourceQuality "1"]

1. Nf3 Nf6 2. g3 c6 3. Bg2 d5 4. b3 g6 5. Bb2 Bg7 6. 0-0 0-0 7. c4 Na6 8. e3 Nc7 9. d3 Bf5 10. Nc3 Qc8 11. Re1 Bh3 12. Bh1 Ne6 13. Rc1 Bg4 14. cxd5 Ng5 15. Qe2 Qf5 16. Nd4 Nh3+ 17. Kg2 Qg5 18. f3 Bd7 19. f4 Qh5 20. Qxh5 Nxh5 21. dxc6 bxc6 22. Kf1 e5 23. Nxc6 exf4 24. Ne7+ Kh8 25. Bxa8 Rxa8 26. exf4 Nf6 27. Ncd5 Ng4 28. Bxg7+ Kxg7 29. Re2 g5 30. fxg5 Nxg5 31. h4 Nf3 32. Kg2 Nd4 33. Re4 Nb5 34. Rf1 Nd6 35. Ref4 Be6 36. Nc7 Ne3+ 37. Kf2 Nxf1 38. Nxa8 Nd2 39. Nc7 Nb1 40. Nxe6+ fxe6 41. Ra4 Nb5 42. Ra5 N1c3 43. Nc6 1-0

[Event "Titled Tuesday intern op 7th May"]
[Site "Chess.com INT"]
[Date "2019.05.07"]
[Round "1"]
[White "Golubovskis, Maksims"]
[Black "Tapia Ostolaza, Alexei"]
[Result "0-1"]
[WhiteElo "2007"]
[BlackElo "2260"]
[PlyCount "100"]
[EventDate "2019.05.07"]
[EventType "swiss (blitz)"]
[EventRounds "10"]
[EventCountry "USA"]
[SourceTitle "EXT 2021"]
[Source "ChessBase"]
[SourceDate "2020.10.23"]
[SourceVersion "1"]
[SourceVersionDate "2020.10.23"]
[SourceQuality "1"]

1. e4 c5 2. Nf3 e6 3. d4 cxd4 4. Nxd4 Nc6 5. Nc3 a6 6. g3 Qc7 7. Bg2 b5 8. 0-0 Bb7 9. Re1 h5 10. Nd5 Qd8 11. Nxc6 dxc6 12. Nc3 h4 13. Be3 hxg3 14. hxg3 Nf6 15. Qe2 e5 16. Rad1 Qc7 17. Bg5 Be7 18. Qf3 Bc8 19. Rd2 Bg4 20. Qe3 Qc8 21. Bxf6 Bxf6 22. Qb6 Be7 23. Nd1 Rb8 24. Qa7 Ra8 25. Qb6 0-0 26. Qe3 a5 27. f3 Be6 28. Nf2 Bxa2 29. b3 a4 30. bxa4 Rxa4 31. Ng4 f6 32. Kh2 Be6 33. Nf2 Rc4 34. Qe2 Bb4 35. Red1 Bxd2 36. Rxd2 Rd8 37. Nd3 Rc3 38. Rd1 Bc4 39. Ra1 Bxd3 40. cxd3 Rcxd3 41. Ra7 Rd2 42. Qe3 c5 43. Qb3+ c4 44. Qxb5 R8d7 45. Rxd7 Qxd7 46. Qxc4+ Kh7 47. Qf1 Qd3 48. Qh1 Kg6 49. Qg1 Qxf3 50. Kh3 Qh5# 0-1

[Event "Titled Tuesday intern op 5th March"]
[Site "Chess.com INT"]
[Date "2019.03.05"]
[Round "8"]
[White "Eynullayev, Altay Elshan"]
[Black "Tapia Ostolaza, Alexei"]
[Result "1-0"]
[WhiteElo "2237"]
[BlackElo "2262"]
[PlyCount "153"]
[EventDate "2019.03.05"]
[EventType "swiss (blitz)"]
[EventRounds "10"]
[EventCountry "USA"]
[SourceTitle "EXT 2021"]
[Source "ChessBase"]
[SourceDate "2020.10.23"]
[SourceVersion "1"]
[SourceVersionDate "2020.10.23"]
[SourceQuality "1"]

1. d4 Nf6 2. c4 e6 3. g3 Be7 4. Nf3 b6 5. Bg2 Bb7 6. 0-0 0-0 7. Re1 d5 8. Ne5 Nbd7 9. Nc3 c5 10. cxd5 exd5 11. Bf4 cxd4 12. Nb5 Bc5 13. a3 Nxe5 14. Bxe5 Qe8 15. Bxf6 Qxb5 16. Bxd4 Rfe8 17. e3 Rad8 18. Rc1 Bf8 19. Qd2 Rc8 20. Bh3 Rcd8 21. Rc7 Bc8 22. Bg2 Re7 23. Rec1 Be6 24. Rxe7 Bxe7 25. Rc7 Rd7 26. Rc1 h6 27. Qc3 Bf8 28. Bf1 Qa4 29. Bd3 Rd8 30. Qd2 Rc8 31. Rxc8 Bxc8 32. Qc1 Be6 33. Bb1 Qc4 34. Qd1 Bh3 35. Bd3 Qc8 36. Bf1 Be6 37. Bg2 Qc6 38. Bf3 Bc5 39. Kg2 Qd7 40. Qd3 Bh3+ 41. Kg1 Bf5 42. Qc3 Bf8 43. Be5 Bh3 44. Bg2 Bg4 45. Qd2 Be6 46. Kf1 Qb5+ 47. Ke1 Qc5 48. Qc3 Qb5 49. Bf1 Qd7 50. Qc7 Qa4 51. Qc3 Qd7 52. Be2 f6 53. Bd4 Bf5 54. Bf1 Be4 55. Qb3 Qf5 56. Qb5 Kh7 57. Qe8 Bc5 58. Bxc5 bxc5 59. Qb5 d4 60. exd4 cxd4 61. Qxf5+ Bxf5 62. Kd2 Kg6 63. b4 Kf7 64. Bd3 Ke6 65. Bxf5+ Kxf5 66. Kd3 Ke5 67. a4 Kd5 68. b5 Kc5 69. f3 f5 70. f4 g5 71. h3 gxf4 72. gxf4 Kd5 73. a5 Kc5 74. b6 axb6 75. axb6 Kxb6 76. Kxd4 Kc6 77. Ke5 1-0

[Event "Titled Tuesday intern op 5th March"]
[Site "Chess.com INT"]
[Date "2019.03.05"]
[Round "10"]
[White "Tapia Ostolaza, Alexei"]
[Black "Chen, Michael"]
[Result "0-1"]
[WhiteElo "2262"]
[BlackElo "2147"]
[PlyCount "80"]
[EventDate "2019.03.05"]
[EventType "swiss (blitz)"]
[EventRounds "10"]
[EventCountry "USA"]
[SourceTitle "EXT 2021"]
[Source "ChessBase"]
[SourceDate "2020.10.23"]
[SourceVersion "1"]
[SourceVersionDate "2020.10.23"]
[SourceQuality "1"]

1. Nf3 Nf6 2. g3 e6 3. Bg2 c6 4. 0-0 d5 5. b3 b5 6. Bb2 a5 7. d3 Be7 8. Nbd2 0-0 9. c4 Ba6 10. Qc2 Nbd7 11. Rac1 Rc8 12. Qb1 Qb6 13. Qa1 a4 14. Ne5 Nxe5 15. Bxe5 Bb7 16. bxa4 bxa4 17. Rb1 Qa7 18. Qb2 Ba8 19. Rfc1 c5 20. cxd5 exd5 21. Nf3 Rfe8 22. h4 d4 23. Qd2 Nd5 24. h5 Bf8 25. h6 Nc3 26. Rxc3 dxc3 27. Qxc3 f6 28. hxg7 Bxg7 29. Bxf6 Rxe2 30. Bxg7 Qxg7 31. Qc4+ Kh8 32. Qxa4 Rf8 33. Qd1 Qe7 34. d4 Bxf3 35. Bxf3 Rxf3 36. dxc5 Rfxf2 37. Qd4+ Qf6 38. Rb8+ Kg7 39. Rb7+ Kh6 40. Rb6 Rf1# 0-1

[Event "Titled Tuesday intern op 5th March"]
[Site "Chess.com INT"]
[Date "2019.03.05"]
[Round "4"]
[White "Tapia Ostolaza, Alexei"]
[Black "Christensen, Janus"]
[Result "1-0"]
[WhiteElo "2262"]
[BlackElo "2099"]
[PlyCount "73"]
[EventDate "2019.03.05"]
[EventType "swiss (blitz)"]
[EventRounds "10"]
[EventCountry "USA"]
[SourceTitle "EXT 2021"]
[Source "ChessBase"]
[SourceDate "2020.10.23"]
[SourceVersion "1"]
[SourceVersionDate "2020.10.23"]
[SourceQuality "1"]

1. Nf3 Nf6 2. g3 c5 3. Bg2 Nc6 4. 0-0 e6 5. c4 d5 6. cxd5 exd5 7. d4 c4 8. Nc3 Bb4 9. Ne5 0-0 10. Bg5 Be6 11. Nxc6 bxc6 12. Qa4 Bxc3 13. bxc3 Qd7 14. Bxf6 gxf6 15. e4 dxe4 16. Bxe4 Bd5 17. Rfe1 Rfe8 18. Qc2 h6 19. Bf5 Qd6 20. Qd2 Kg7 21. h4 c5 22. dxc5 Qxc5 23. Qf4 Bc6 24. Qg4+ Kh8 25. Qh5 Kg7 26. Qg4+ Kh8 27. Qf4 Kg7 28. Be4 Bxe4 29. Rxe4 Rxe4 30. Qxe4 Rd8 31. Re1 Rd2 32. Qg4+ Kh7 33. Qf4 Rxa2 34. Qxf6 Qd5 35. Kh2 Rd2 36. Re7 Rd1 37. Rxf7+ 1-0